000 00670cam a22002533a 4500
001 29503
003 PGUSA
005 20140828083634.0
008 090724s2009||||xxu|||||s|||||000 1 eng d
040 _aPGUSA
_beng
042 _adc
050 4 _aPS
100 1 _aPohl, Frederik,
_d1919-2013
245 1 4 _aThe Hated
_h[electronic resource] /
_cFrederik Pohl
260 _bProject Gutenberg,
_c2009
506 _aPublic domain in the USA.
516 _aElectronic text
653 _aScience fiction
653 _aShort stories
700 1 _aFrancis, Dick
830 0 _aProject Gutenberg
_v29503
856 4 0 _uhttp://www.gutenberg.org/ebooks/29503
942 _cEB
999 _c258758
_d258758